00257nam a22001217a 4500008004100000041000800041080000800049100000700057101000800064245003400072942001200106999001700118181003b xxu||||| |||| 00| 0 eng d aeng a316 a50 aSOC aMilways Of KentcMorland.J.K 2udccBK c48790d48790